| Tag |
First Indicator |
Second Indicator |
Subfields |
| LEADER |
00000cam a2200000 a 4500 |
| 001 |
in00000743613 |
| 005 |
20151016164843.0 |
| 008 |
880610s1988 azua b s00110 eng |
| 010 |
|
|
|a 88020501
|
| 020 |
|
|
|a 0816510598 (alk. paper)
|
| 035 |
|
|
|a (OCoLC)18134965
|
| 035 |
|
|
|9 ADJ6176AM
|
| 040 |
|
|
|a DLC
|c DLC
|d TXA
|d UtOrBLW
|
| 049 |
|
|
|a TXAM
|c [A12663031]
|
| 050 |
0 |
0 |
|a QB601
|b .S54 1988
|
| 082 |
0 |
|
|a 522/.2/0903
|2 19
|
| 100 |
1 |
|
|a Sheehan, William,
|d 1954-
|
| 245 |
1 |
0 |
|a Planets & perception :
|b telescopic views and interpretations, 1609-1909 /
|c William Sheehan.
|
| 264 |
|
1 |
|a Tucson :
|b University of Arizona Press,
|c [1988]
|
| 264 |
|
4 |
|c ©1988
|
| 300 |
|
|
|a xii, 324 pages :
|b illustrations ;
|c 24 cm.
|
| 336 |
|
|
|a text
|b txt
|2 rdacontent
|
| 337 |
|
|
|a unmediated
|b n
|2 rdamedia
|
| 338 |
|
|
|a volume
|b nc
|2 rdacarrier
|
| 504 |
|
|
|a Bibliography: pages 279-309.
|
| 500 |
|
|
|a Includes index.
|
| 650 |
|
0 |
|a Planets
|v Observations.
|
| 650 |
|
0 |
|a Perception.
|
| 740 |
0 |
|
|a Planets and perception.
|
| 999 |
|
|
|a MARS
|
| 999 |
f |
f |
|s b06081a1-67cd-38ea-b440-0108ea544be2
|i bcfa7bea-b60b-3585-9013-f76a417c2f88
|t 0
|
| 952 |
f |
f |
|p ric
|a Texas A&M University
|b Rellis Campus
|c Joint Library Facility
|d Remote Storage
|t 0
|e QB601 .S54 1988
|h Library of Congress classification
|i unmediated -- volume
|m A14812663031
|
| 998 |
f |
f |
|a QB601 .S54 1988
|t 0
|l Remote Storage
|